00745nam a2200181Ia 4500008004100000020001800041082001600059100002200075245008500097250000600182260002600188300001000214500014000224650001800364700007100382952009300453999001700546120629s9999 xx 000 0 und d a970-10-4474-6 a659.1 A681p aArens, William F. aPublicidad / William F. Arens, Rosa María Rosas Sánchez, Ivonne Raso Arcaute a7 aMéxico: McGraw-Hill a573 p aApéndices, biblioteca de referencias bibliográficas, créditos y reconocimientos, índice, notas finales y términos importantes a1. PUBLICIDAD aRosas Sánchez, Rosa María; tr. \ Raso Arcaute, Ivonne ; rt.Ì 00104070a15b15d2007-03-29l0o659.1 A681Pp15 002075r2017-12-07t1w2012-06-28yLB c75686d75686